| 000 | 00374nam a22001337a 4500 | ||
|---|---|---|---|
| 005 | 20260319140459.0 | ||
| 008 | 260319b |||||||| |||| 00| 0 eng d | ||
| 040 | _cFLL | ||
| 041 |
_2eng _aeng |
||
| 100 |
_aChaudhary, Nitin _91132564 |
||
| 245 |
_aRights of Transgender in Indian Scenario _bA Constitutional Study |
||
| 260 |
_aDU _bFaculty of Law _c2023 |
||
| 942 |
_2CC _cDIS |
||
| 999 |
_c1715776 _d1715776 |
||